000 00451nam a2200181Ia 4500
008 230525s9999 xx 000 0 und d
020 _a978-81-89866-49-5
082 _a670.42
_bSHA
100 _aS.K.Sharma
245 0 _aManufacturing processes
250 _a1
260 _aNew Delhi
_bI.K.International
_c2014
300 _aXVI,706p;
500 _aQuantity Number: 1
650 _aMechanics
700 _aSavita Sharma
_945342
942 _cBK
999 _c61091
_d61091